000
00244 a2200097 4500
001
51082
100
_a
Tokheim R L
245
_a
Microprocessor Fundamentals (Schaums Outline Series)
260
_a
New York
_b
McGraw-Hi
_c
090
_c
32343
_d
32343
942
_a
NUST-CAE
_c
M
_c
24829
999
_c
286155
_d
286155